| 000 | 00369nam a2200145Ia 4500 | ||
|---|---|---|---|
| 008 | 150201s2007 xx 000 0 und d | ||
| 082 |
_a403 _bI2007D |
||
| 100 | _aOXFORD | ||
| 245 | _aILLUSTRATED FAMILY ENCYCLOPEDIA | ||
| 250 | _a1ST | ||
| 260 |
_bOXFORD UNIVERSITY PRESS _aOXFORD (LONDON) _c2007 |
||
| 300 | _a1-1012 | ||
| 650 | _aGENERAL DENTISTRY | ||
| 942 |
_2ddc _cBK |
||
| 999 |
_c3785 _d3785 |
||